| 000 | 00365nam a2200145 a 4500 | ||
|---|---|---|---|
| 001 | 732 | ||
| 003 | CDMR | ||
| 005 | 20130116135157.0 | ||
| 008 | 130130s1966||||||||||||||||||||||||||||d | ||
| 040 |
_aCDMR _bcat _cCDMR |
||
| 100 | 1 |
_aSeco, Manuel _9568 |
|
| 245 | 1 | 0 | _aDiccionario de dudas y dificultades de la lengua espaƱola |
| 260 |
_aMadrid _c1966 _bAguilar |
||
| 942 | _cMON | ||
| 999 |
_c732 _d732 |
||